[Event "EU-ch 12th"]
[Site "Aix les Bains"]
[Date "2011.03.27"]
[Round "6"]
[White "Pelletier, Yannick"]
[Black "Naiditsch, Arkadij"]
[Result "1/2-1/2"]
[WhiteElo "2593"]
[BlackElo "2685"]
[Annotator "Pelletier,Y"]
[PlyCount "86"]
[EventDate "2011.03.22"]
[EventType "swiss"]
[EventRounds "11"]
[EventCountry "FRA"]
[SourceTitle "CBM 142 Extra"]
[Source "ChessBase"]
[SourceDate "2011.06.27"]
[SourceVersion "1"]
[SourceVersionDate "2011.06.27"]
[SourceQuality "1"]

1. d4 Nf6 2. c4 e6 3. Nc3 Bb4 4. e3 O-O 5. Bd3 d5 6. Nf3 c5 7. O-O Nc6 8. a3
Bxc3 9. bxc3 dxc4 10. Bxc4 Qc7 11. Bb2 {In meiner Vorbereitung hatte ich eine
kleine Schwäche im Repertoire meines Gegners entdeckt. In diesem System hat er
nämlich eine negative Bilanz. Leider hat er in der Zwischenzeit gearbeitet!} b6
$5 12. Qe2 ({Meiner Meinung nach ist das bereits ungenau. Nach} 12. h3 e5 13.
Ba2 {geht Weiß in eine normale Variante über, die ich zum Beispiel 2006 gegen
Volokitin gespielt hatte.}) 12... e5 13. h3 {Das Feld g4 muss kontrolliert
werden, aber jetzt schafft es Schwarz, das Zentrum zu blockieren.} e4 14. Nd2
Na5 $1 {Dies wurde nur einmal zuvor gespielt, stellt aber Weiß vor einige
Schwierigkeiten.} 15. Ba2 c4 16. a4 Be6 17. Ba3 Rfe8 ({In der Schnellpartie
Korobov-Bu Xiangzhi (2008) spielte Schwarz das weniger natürliche} 17... Rfc8)
18. Rfb1 (18. Bb4 {erlaubt} Nb3) 18... Rac8 19. Rb5 $2 ({Nach diesem Fehler
hat Schwarz freie Hände. Die einzige Hoffnung, am Damenflügel etwas zu
erreichen, lag in} 19. Bb4 Nb7 20. a5) 19... Bd5 20. Rc1 Qc6 21. Qd1 h5 22.
Rcb1 g6 23. Kh1 {Wie in der Französischen Verteidigung, kann manchmal die Dame
via g1-h2 aktiv ins Spiel gebracht werden ....} Kg7 {Nach einigen sinnlosen
Zügen verstand ich endlich, dass meine Stellung perspektivlos ist. Schwarz
würde langsam aber sicher seine Figuren verbessern und irgendwann am
Königsflügel einen siegbringenden Angriff starten. Ohne allzu lange zu zögern
entschied ich mich zur einzigen aktiven Möglichkeit, im vollen Bewusstsein,
dass Schwarz nachher besser stehen muss.} 24. Rxa5 bxa5 25. Rb5 Qc7 ({Klar
besser als} 25... Qa6 26. Qg1 Rb8 27. Bxc4 Bxc4 28. Nxc4 Qe6 29. Nd6) 26. Rc5 (
26. Qc2 Qd8 27. Bc5 a6 28. Bb6 Qd6 29. Rb1 Qc6 30. Bxa5 Rb8 $15) 26... Qd8 27.
Nxc4 ({Die Alternative} 27. Bxc4 {geht nicht wegen} Rxc5 28. Bxc5 Bxc4 29. Nxc4
Qd5 30. Nd6 $140 Rd8 31. c4 Qc6 {Aber die Fesselung auf den Ba2 ist jetzt
unangenehm.}) 27... Rxc5 28. Bxc5 Nd7 29. Ba3 Nb6 30. Qe2 (30. Nxb6 Bxa2 31.
Qe2 Bb1 $17) 30... Qd7 $6 ({Besser war} 30... Nxa4 {, was nach} 31. Qc2 Nb6 32.
Nd6 (32. Nxa5 Bxa2 33. Qxa2 Qd7 $17) 32... Bxa2 33. Nxe8+ Qxe8 34. Qxa2 Qb5 {
fast zur Partiefortsetzung hätte führen können.}) 31. Nd6 ({Hier war die
Alternative} 31. Nxb6 axb6 32. Bxd5 (32. c4 Qxa4 33. Bd6 Bb7 34. Qb2 Bc8) 32...
Qxd5 33. c4 Qc6 34. Qc2 Rc8 35. c5 $15 {gut möglich. Schwarz hat
selbstverständlich bessere Aussichten, müsste sich aber noch anstrengen, um zu
gewinnen.}) 31... Bxa2 (31... Re6 $2 32. c4) 32. Nxe8+ Qxe8 33. Qxa2 Qxa4 {
Schwarz hat die Qualität zurückgeopfert, besitzt aber aktivere Figuren, und
einen gefährlichen Freibauern auf der a-Linie.} 34. c4 ({Ich hielt dies für
die einzige Möglichkeit, meine Kräfte zu aktivieren. Im Falle von} 34. Kh2 Qb5
(34... Kg8 35. Qb2 $1 Qc4 36. Bc5 $11) 35. Bc5 Nc4 {[%cal Ga5a4,Gb5b3] wird
Schwarz rasche Fortschritte machen.}) 34... Qxc4 ({Nach} 34... Kg8 35. c5 Nc4
36. c6 Qxc6 (36... Nxa3 37. c7 $11) 37. Qb3 {, hat Schwarz nichts Besseres als
das Damenendspiel nach} Nxa3 38. Qxa3 Qb5 {Es sieht aus, als müsste Weiß
seinen d-Bauern für einen der gegnerischen a-Bauern tauschen:} 39. Qa1 ({oder} 
39. Qe7 a4 40. d5) 39... a4 40. d5 Qxd5 41. Qxa4 a5 {Trotzdem ist es mir nicht
klar, ob Schwarz hier gewinnen kann.}) 35. Qb1 (35. Qa1 Kg8 36. Bc5 Qb5 $17)
35... Qd3 36. Qa1 Nc4 ({Mit knapper Bedenkzeit (ca 10 Minuten bis zum 40. Zug)
ist es schwer, diesen natürlichen aktiven Zug nicht zu machen. Die Partie
kommt nun aber in eine konkrete Phase, wo jeder Zug genau berechnet werden
muss.} 36... Kg8 $17 {war ein sicherer Weg, den Vorteil zu behaupten.}) 37. Be7
Kh7 ({Um den nächsten Zug zu verhindern, war zuerst} 37... Qd2 {besser. Weiß
sollte dann am besten ins Damenendspiel mit Minusbauern übergehen:} 38. d5+ (
38. Kg1 Kh7 {ist nämlich ungünstig im Vergleich zur Partie}) 38... Kg8 39. d6
Nxd6 40. Bxd6 Qxd6 41. Qxa5 $15) 38. Qa2 a4 {Es ist für Schwarz nicht so
einfach, weiterzukommen. Sein König steht unsicher, wobei Weiß auch schnell
selber aktiv werden kann. Aber den starken Freibauern zu opfern, war sicher
nicht nötig.} 39. Qxa4 Nd2 ({Mit konkreten Mitteln geht es auch nicht:} 39...
Qf1+ 40. Kh2 Nd2 41. Kg3 $1 ({nur nicht} 41. Bh4 $2 Nf3+ $1 42. gxf3 exf3 43.
Kg3 Qg2+ 44. Kf4 Qxh3 {[%cal Gh3f5]} 45. e4 Qxh4+ 46. Kxf3 g5 $19) 41... Qe2
42. Bh4 $1 g5 $1 43. Bxg5 Nf1+ 44. Kf4 Qxf2+ 45. Ke5 {und laut Computer ist
alles ok!}) ({Oder} 39... Qb1+ 40. Kh2 Nd2 41. Qe8 $1 (41. h4 $2 Nf1+ 42. Kh3
Qb8 43. g3 Qb2 $1 $19) 41... Nf1+ 42. Kg1 $11 {Weiß erhält genug Gegenspiel.})
40. Qa1 Kg8 (40... a5 {erlaubt} 41. d5 $1 Qxd5 42. Bf8 f6 43. Qxf6 Qb7 44. h4
$1 {Schwarz muss nun genau spielen, um das Gleichgewicht zu halten.} Nc4 $1 45.
Bc5 Qg7 46. Qc6 Qa1+ 47. Kh2 Qe5+ 48. g3 Qf5 {Beide Könige sind zu schwach,
das Remis ist unausweichlich.}) 41. Bb4 Nc4 {Es sah fast aus, als hätte sich
das Blatt langsam gewendet. Aber dieser Rückzug zeigt, dass alles noch in
grünen Bereich liegt.} 42. Bc3 ({Nach} 42. Kh2 Qb3 43. Bc3 Qb8+ 44. Kg1 Nb6 {
, kann Weiß auf Bauernjagd gehen:} 45. Bb4 Nd5 46. Bc5 {. Aber Schwarz opfert
ihn gern, um den weißen König zu schwächen.} a5 47. Qxa5 Qb1+ 48. Kh2 Qb8+ 49.
g3 h4 $11) 42... a6 43. d5 Qxd5 {Nach dem Schlagen auf a6 folgt 44...Qd1+ 45.
Kh2 Qd6+ mit Damentausch und Ausgleich.} 1/2-1/2

[Event "Biel GM"]
[Site "Biel"]
[Date "2003.07.28"]
[Round "7"]
[White "Pelletier, Yannick"]
[Black "Lutz, Christopher"]
[Result "1-0"]
[WhiteElo "2602"]
[BlackElo "2631"]
[Annotator "Pelletier,Y"]
[PlyCount "81"]
[EventDate "2003.07.21"]
[EventType "tourn"]
[EventRounds "11"]
[EventCountry "SUI"]
[EventCategory "16"]
[SourceTitle "CBM 097"]
[Source "ChessBase"]
[SourceDate "2003.11.11"]
[SourceVersion "1"]
[SourceVersionDate "2003.11.11"]
[SourceQuality "1"]

1. d4 Nf6 2. c4 e6 3. Nc3 Bb4 4. e3 O-O 5. Bd3 d5 6. Nf3 c5 7. O-O Nc6 8. a3
Bxc3 9. bxc3 dxc4 10. Bxc4 Qc7 11. Bb2 {Als ich mal dieses System aus
schwarzer Sicht vorbereitete, erkannte ich, dass die Variante mit Bb2 nicht so
harmlos ist, wie es in den meisten Theoriewerken steht. Ich schaute sie dann
auch als Anziehender, und entschied, sie gegen Christopher anzuwenden.} e5 12.
h3 Bf5 13. Qe2 h6 14. Bb5 {[%csl Re5] Öfter zieht Weiss den Läufer nach a2
zurück, um seinen Bauern im Zentrum freien Lauf zu geben. Aber dieser Zug
scheint mir stärker zu sein, wobei er in der gegebenen Stellung sogar eine
Neuerung darstellt. Gespielt wurde er aber bereits nach 13...Rfe8 oder 13...
Rad8, wie z.B. in Radjabov-Ponomariov, Olympiade in Bled 2002. Weiss möchte
einfach Druck gegen den Bauern e5 ausüben, und eine Entscheidung im Zentrum
provozieren.} e4 {Die logische Reaktion, da ein Tausch auf d4 zugunsten vom
weissen Läuferpaar kommen würde.} 15. Nd2 Na5 16. c4 {[%cal Gb2h8]} Bg6 17.
Rfc1 $6 ({Christopher hatte bis zu diesem Zeitpunkt sehr viel überlegt, und
vermutlich war ich aus diesem Grund noch nicht ganz in der Partie. Die Sprünge
des Nf6 nach d3 hinein übersah ich einfach. Besser war} 17. d5 a6 (17... Ne8 {
[%cal Ge8d6]} 18. Bxe8 Raxe8 19. Bc3 $16) 18. Ba4 b5 19. Bxf6 bxa4 20. Bc3 $16)
17... cxd4 18. exd4 Nh5 $1 {[%csl Yb2,Yc1][%cal Gh5f4,Gf4d3]} 19. d5 ({Nun war
ich an der Reihe, lange zu überlegen.} 19. g3 f5 {[%csl Rg1][%cal Gf5f4]
gefolgt von f4 kann nicht gefallen, und auch}) (19. Qe3 Nf4 20. Bc3 Nd3 21.
Rcb1 f5 {[%cal Gf5f4,Gf4f3] überzeugt nicht ganz. Ich entschied mich also für
das folgende Qualitätsopfer.}) 19... Nf4 20. Qe3 Nd3 (20... a6 21. Ba4 {
einzuschalten, erlaubt nach} Nd3 {, neben 22.Bc3, auch} 22. Bd4 Nxc1 23. Rxc1
b5 24. Bb6 Qd7 (24... Nxc4 25. Nxc4 Qb8 26. d6 $14) 25. Bxa5 bxa4 26. Qd4 f5
27. c5 $36) 21. Bc3 $5 {[%csl Gc3,Gc5,Gd6][%cal Gc3h8]} ({Der schwarzfeldrige
Läufer ist mehr wert, da Weiss auf der langen Diagonale lästige Drohungen
aufstellen kann.} 21. Qd4 Nxb2 22. Qxb2 a6 ({oder} 22... Qc5 23. Qb4 b6 24.
Qxc5 bxc5 25. Re1 f5 $11) 23. Ba4 Qc5 24. Qb4 Rac8 {[%csl Yc5] bringt nichts
ein, da der Nachziehende auf den dunklen Felder blockieren kann.}) 21... a6 ({
Nach} 21... Nxc1 22. Rxc1 a6 23. Qd4 f6 24. Ba4 {werden die weissen Bauern
gefährlich, z.B:} Rfd8 25. c5 Rac8 26. Bxa5 $1 (26. Nxe4 $2 Bxe4 27. Qxe4 Qxc5
28. Qe6+ Kh8 29. Qxf6 gxf6 30. Bxf6+ Kg8 31. Rxc5 Rxc5 32. Bxd8 Rxd5 $17) (26.
Bb4 b5 27. Qc3 Nb7 28. Bb3 Qf4 29. c6 Nd6) 26... Qxa5 27. d6 Bf7 28. Nxe4 b5
29. Bc2 $44 {[%csl Rg8]} f5 $140 30. Nf6+ $1 gxf6 31. Bxf5 $16) 22. Qd4 f6 23.
Ba4 Rac8 $6 ({Wohl oder übel sollte Schwarz die Qualität nehmen, was nach} 
23... Nxc1 24. Rxc1 Rfd8 {zur unter 21...Nxc1 berücksichtigten Variante führt.}
) 24. d6 (24. Bb4 Nxc1 25. Rxc1 Rfd8 26. d6 Nc6 27. Qe3 Qd7 28. c5 $44) 24...
Qc5 (24... Nxc1 $6 25. Rxc1 $16 Qc5 $2 26. d7 $18) 25. Qxc5 (25. d7 Qxd4 26.
Bxd4 Rcd8 27. Bb6 Nxc1 28. Rxc1 Nc6 $15) (25. Rd1 Nc6 26. Qxc5 Nxc5 27. Bc2
Rfd8 $13) 25... Rxc5 26. Bb4 Rd8 ({Jetzt ist es zu spät für} 26... Nxc1 {wegen}
27. Bxc5 $5 (27. Rxc1 b6 28. Bxc5 bxc5 29. d7 Rd8 30. Re1 Bf5 31. Nxe4 Bxd7 32.
Rd1 Re8 33. Nxf6+ gxf6 34. Bxd7 $14) 27... Ne2+ 28. Kh2 $1 Nc3 29. Bd7 Nc6 30.
Bxc6 bxc6 31. Bb6 Na4 32. c5 Rf7 33. Nc4 $16) 27. Bc2 $1 Re5 $6 ({Schwarz
verliert so oder so Material (27...Nxc1 28.Bxc5), aber} 27... b6 {war
hartnäckiger. Trotzdem erhält Weiss nach} 28. Bxd3 exd3 29. Bxc5 bxc5 30. Rab1
Rxd6 31. Rb8+ Kh7 32. Rc8 {klaren Vorteil.}) 28. Bxd3 exd3 29. f4 {[%csl Ra5]}
Rh5 30. Kh2 ({Diese Lösung sieht etwas gekünstelt aus. Einfacher war} 30. g4
Rxh3 31. Bxa5 Rxd6 32. Kg2 Re3 33. Re1) 30... b6 31. g4 Rc5 32. Bxc5 ({Hier
und ein Zug früher war} 32. Rab1 $5 {möglich.}) 32... bxc5 33. Rab1 Rxd6 34.
Rb8+ Kh7 35. Rc8 Re6 36. Rd1 Re2+ 37. Kg1 f5 $138 ({Die Alternativen sind kaum
besser, man sehe:} 37... Bf7 38. Rxc5 Rxd2 39. Rxd2 Nb3 40. Rc7 Nxd2 41. Rxf7
Nxc4 42. Kf2 $18) (37... Be8 38. Nf3 Re3 39. Rxc5 $16) (37... Rxd2 $6 38. Rxd2
Nxc4 39. Rf2 d2 40. Rd8 $18) 38. gxf5 Bh5 39. f6 $5 $138 gxf6 $6 (39... Re6 40.
Rb1 $18) 40. Rxc5 Rxd2 41. Rxd2 1-0

[Event "Biel GM"]
[Site "Biel"]
[Date "2006.08.03"]
[Round "10"]
[White "Pelletier, Yannick"]
[Black "Volokitin, Andrei"]
[Result "1-0"]
[WhiteElo "2583"]
[BlackElo "2662"]
[Annotator "Pelletier,Y"]
[PlyCount "60"]
[EventDate "2006.07.24"]
[EventType "tourn"]
[EventRounds "10"]
[EventCountry "SUI"]
[EventCategory "17"]
[SourceTitle "CBM 114"]
[Source "ChessBase"]
[SourceDate "2006.10.02"]
[SourceVersion "1"]
[SourceVersionDate "2006.10.02"]
[SourceQuality "1"]

1. d4 Nf6 2. c4 e6 3. Nc3 Bb4 4. e3 O-O 5. Bd3 c5 6. Nf3 d5 7. O-O Nc6 8. a3
Bxc3 9. bxc3 dxc4 10. Bxc4 Qc7 11. Bb2 e5 12. h3 b6 {Volokitin had already
played this rare move twice. This made my preparation easier. Diesen seltenen
Zug hatte Volokitin bereits zweimal vorher gespielt. Meine Aufgabe in der
Vorbereitung wurde deswegen erleichtert.} 13. Ba2 Ba6 14. Re1 e4 15. Nd2 Rad8 {
A logical innovation. Black must prevent the advance of the opposing c- and
d-pawns. Eine logische Neuerung. Schwarz muss den Vorstoss der gegnerischen c
und d Bauern verhindern.} 16. f3 exf3 17. Qxf3 Ne5 $2 ({The young Ukrainian
likes forcing the issue. But here he completely miscalculates the consequences
of the piece exchanges. Preferable are Der junge Ukrainer mag es, die
Geschehnisse zu erzwingen. Aber hier schätzte er die Konsequenzen der
Figurenabtäusche völlig falsch ein. Vorzuziehen sind} 17... Rfe8 {or 17...Rd7,
after which the struggle remains complicated. oder 17...Rd7, wonach der Kampf
kompliziert bleibt.}) 18. dxe5 (18. Qf4 Nh5 19. Qh2 Qe7 {achieves nothing.
bringt nichts ein.}) 18... Rxd2 19. exf6 ({Clearly wrong would be Klar
verfehlt wäre} 19. Bc1 $2 Bb7 20. e4 Rxa2 21. Rxa2 Qxe5 {with advantage to
Black. mit schwarzem Vorteil.}) 19... Rxb2 20. Qg4 g6 21. Qg5 {And this is
Black's problem. It was important to prevent Qe5 since the central position
would have been excellent for the queen. It will turn out that the black king
is in much more danger than its counterpart on g1. Darin liegt das Problem für
den Nachziehenden. Wichtig war es, den Zug Qe5 zu verhindern, da die Dame dort
zentral ausgezeichnet gestanden wäre. Es wird sich auch zeigen, dass der
schwarze König in weit grösserer Gefahr schwebt als sein Kollege auf g1.} Rd8
$2 ({Volokitin spent a lot of time on this move. He had certainly plaaned the
text moive when playing 17...Nb5, but then seen a lot of problems since then.
As he admitted after the game, he already considered his position hopeless. In
any case a more stubborn try was Für diesen Zug verbrauchte Volokitin viel
Zeit. Sicher hatte er den Textzug schon bei 17...Ne5 geplant, aber inzwischen
viele Probleme erkannt. Wie er mir nach der Partie zugab, hielt er seine
Stellung bereits für hoffnungslos. Hartnäckiger war auf jeden Fall} 21... Kh8 {
, even if after , auch wenn Weiss nach} 22. Bd5 {followed by c4, e4, Rad1 and
e5 White dominates the whole board. gefolgt von c4, e4, Rad1 und e5 das ganze
Brett dominiert.}) 22. Red1 ({A few moves earlier I had "only" worked out the
winning continuation Einige Züge zuvor hatte ich "nur" die ebenfalls
gewinnbringende Fortsetzung} 22. Rad1 {But when the position arose, I noticed
that it was not at all necessary to leave the Ba2 hanging. You can always
overlook something in complications. Moreover at this point 22.Qh6? would be
bad on account of 22...Rxg2+! 23.Kxg2 Qc6+, and the important f6-pawn falls.
But after 22.Rad1 White wins after berechnet. Als aber die Stellung vorkam,
merkte ich, dass es gar nicht nötig war, den Ba2 hängen zu lassen. Man kann
nämlich in den Verwicklungen immer was über sehen haben. An dieser Stelle wäre
übrigens 22.Qh6? schlecht wegen 22...Rxg2+! 23.Kxg2 Qc6+, und der wichtige
Bauer f6 fällt. Aber nach 22.Rad1 gewinnt Weiss nach} Rxa2 {thanks to the
subtlety dank der subtilen Pointe} 23. Qf4 $1 ({but not nicht aber} 23. Qh6 $2
Rxg2+ 24. Kxg2 Qc6+ {/\ Qxf6}) 23... Qc8 ({or oder} 23... Qb8 24. Qh6 Rxg2+ 25.
Kxg2 {and Qc6 is no longer possible und Qc6 ist nicht mehr möglich}) 24. Qh6
Rxg2+ 25. Kh1 $1 $18 {Black is helpless here! Schwarz ist hier machtlos!})
22... Bb7 (22... Rxd1+ 23. Rxd1 Rxa2 24. Qe5 (24. Qd5 Rxg2+ 25. Qxg2 $18) 24...
Qc8 25. Qe7 $18) 23. Qe5 $1 $18 Rxg2+ 24. Kf1 Qb8 25. Bxf7+ {The final point.
Der Schlusspunkt.} Kh8 26. Rxd8+ Qxd8 27. Bd5 (27. Bc4 $18) 27... Rg5 28. Qxg5
Bxd5 29. Rd1 Bc4+ 30. Ke1 Qb8 1-0

[Event "GER-ch 78th"]
[Site "Bad Koenigshofen"]
[Date "2007.01.23"]
[Round "5"]
[White "Henrichs, Thomas"]
[Black "Prusikin, Michael"]
[Result "0-1"]
[WhiteElo "2483"]
[BlackElo "2571"]
[Annotator "Prusikin,M"]
[PlyCount "52"]
[EventDate "2007.01.19"]
[EventType "swiss"]
[EventRounds "9"]
[EventCountry "GER"]
[SourceTitle "CBM 116 Extra"]
[Source "ChessBase"]
[SourceDate "2007.03.07"]
[SourceVersion "1"]
[SourceVersionDate "2007.03.07"]
[SourceQuality "1"]

1. d4 Nf6 2. c4 e6 3. Nc3 Bb4 4. e3 O-O 5. Bd3 d5 6. Nf3 c5 7. O-O Nc6 8. a3
Bxc3 9. bxc3 dxc4 10. Bxc4 Qc7 11. Ba2 e5 12. h3 Bf5 13. d5 Rad8 14. c4 e4 15.
Qc2 $146 (15. Nh4 Bc8 16. Bb2 Qe7 17. f4 exf3 (17... Nxd5 18. cxd5 Qxh4 19. Qc2
Ne7 20. Qxe4 Bf5 21. Qe5 Qf6 22. Qxf6 gxf6 23. Bxf6 Rd7 24. Rf3 Rc8 25. Rg3+
Kf8 26. Rg5 Be4 27. Re5 Nxd5 28. Bxd5 Bxd5 29. Rd1 Rc6 30. Rexd5 Rxd5 31. Rxd5
Rxf6 32. Rxc5 Ra6 33. Rc8+ Kg7 34. Rc3 b5 35. Kf2 Ra4 36. Kf3 a6 37. g4 h6 38.
h4 Kf6 39. e4 Ke6 40. Rd3 f6 41. f5+ Ke7 42. Rc3 Kd6 43. Kf4 Kd7 44. g5 hxg5+
45. hxg5 fxg5+ 46. Ke5 b4 47. axb4 Rxb4 48. Rf3 Ke8 49. f6 {1-0 (49)
Ovsejevitsch,S (2588)-Prusikin,M (2528) Switzerland 2016}) 18. Qe1 (18. Qxf3
Ne5 19. Qg3 Rde8 $11) 18... Ne5 19. Nxf3 Nd3 20. Bxf6 Qxf6 21. Qd2 Ne5 22. Rae1
Rd6 23. Bb1 Ra6 24. Qc2 g6 25. Qc1 Bd7 26. Rf2 Nxf3+ 27. Rxf3 Qe5 28. e4 Rb6
29. Qe3 Rc8 30. Ref1 f6 31. Bc2 Kg7 32. g4 h6 33. a4 a5 34. R1f2 Qa1+ 35. Kg2
Qe5 36. Qd2 Ra8 37. Bd1 Be8 38. Qe3 Rc8 39. Bc2 Bd7 {½-½ (39) Kleiser,G 
(2311)-Lucena Cifre,R ICCF email 2012}) 15... Bg6 (15... exf3 $5 16. Qxf5 fxg2
$15) 16. Nh4 Ne5 17. Bb2 Rfe8 {Eine sehr interessante und für die Variante
nicht untypische strategische Situation ist entstanden: optisch scheint Weiß,
mit dem gedeckten Freibauern und dem starken schwarzfeldrigen Läufer besser
zu stehen, doch das Gegenteil ist wohl der Fall: sein anderer Läufer ist zu
schlecht, außerdem fehlt ihm ein aktiver Plan.} 18. Bc3 Rd6 19. Rab1 b6 20.
Rbd1 (20. a4 Qc8 {ändert nicht viel.}) 20... Qc8 $1 {[%cal Gc8h3]} 21. Nxg6
hxg6 22. Kh2 g5 $1 {[%cal Gd6h6]} 23. Qb2 {[#]} Nfg4+ $1 24. hxg4 (24. Kh1 Nf3
$1 25. Bxg7 f6 $1 26. gxf3 (26. hxg4 Qxg4 27. gxf3 Qh3+ 28. Kg1 exf3 $19) 26...
Ne5 27. Kg2 exf3+ 28. Kh2 Kxg7 $19) 24... Rh6+ 25. Kg1 Nf3+ 26. gxf3 exf3 0-1